00962nam a22002777a 45000010005000000030006000050050017000110080041000280200018000690400029000870500015001160820010001311000022001412450043001632600045002063000049002515050008003005200123003085210029004315210020004606500046004806500045005266500033005716500042006047000038006468247FISKH20251205100758.0250904b cb ||||| |||| 00| 0 eng d a9781595155498 aFISKHbengcFISKHdFISKH aTJ1350.W48 a621.8 aWhitehouse, Patty aMoving machines /cBy Patty Whitehouse aFlorida :bRourke Publishing LLC,c2007. a24 pages : bcolor illustrations ;c21 cm .  aJ  aSimple text and photos of construction equipment explore movement with ramps, pulleys, shovels and scoops, and wheels.8 a500 bLexile estimate 8 aJ bRaz-Plus  aHoisting machinery vJuvenile Literature  aMaterials handlingvJuvenile Literature  aMotionvJuvenile Literature  aBuilding sites vJuvenile Literature  aStengard-Olliges, Robert eEditor